Tvorba a využívanie marketingového mixu v mikroprostredí firmy : Bakalárska práca

Enregistré dans:
Détails bibliographiques
Auteur principal: Čechová, Lucia (Auteur)
Autres auteurs: Bestvinová, Viera, 1958- (xxx)
Format: Manuscrit Livre
Langue:slovaque
Publié: Trnava : STU v Bratislave MtF KPIM, 2006
Sujets:
Tags: Ajouter un tag
Pas de tags, Soyez le premier à ajouter un tag!

MARC

LEADER 00000ntm a22000003a 4500
001 stu128815
005 20150617225901.2
008 061026s2006----xo------------------slo-d
040 |a STU  |b slo 
041 0 |a slo 
044 |a xo 
100 1 |a Čechová, Lucia  |4 aut  |u M190  |U MTF Materiálovotechnologická fakulta  |T MTF Katedra priemyselného inžinierstva a manažmentu  |U M190  |Y 167 
245 1 |a Tvorba a využívanie marketingového mixu v mikroprostredí firmy :  |b Bakalárska práca 
260 |a Trnava :  |b STU v Bratislave MtF KPIM,  |c 2006 
300 |a 55 s  |c príl., 1 CD-ROM 
650 7 |a priemyselné inžinierstvo a manažment  |2 stusub 
650 7 |a marketingový mix  |2 stusub 
700 1 |a Bestvinová, Viera,  |d 1958-  |4 xxx  |u M4000  |U MTF Materiálovotechnologická fakulta  |T MTF Ústav priemyselného inžinierstva a manažmentu  |X 1541  |U M4000  |Y 84  |7 A000001541 
996 |b 284M074442  |c M*BP-1796  |l MMSKP  |s P  |a 0  |w stu128815_0001